000 00806nam a2200241 a 4500
001 BRCA_4454
005 20190320204657.0
008 090910s1907----enka######---#000-0#eng-#
041 _aeng
044 _aenk
050 4 _aDP17
_b.C35 17
_c1907
100 1 _aCalvert, Albert F.
_d1872-1946
_911281
245 1 0 _aSpanish arms and armour
_bBeing a historical and descriptive of the royal armoury of Madrid
_cBy Albert F. Calvert.
260 _aLondres: Nueva York
_bJohn Lane, The Bodley Head
_c1907
300 _axxx, 142 p. (v.17)
_bil ; 248 láminas
_c20 cm.
440 0 _aThe spanish series
_v17
_911282
500 _aIncluye índice de ilustraciones
500 _aCon ex-libris de : Daniel H. Farr
500 _aCEO4
650 1 4 _aArmas
_xArmaduras
_zEspaña
_911283
902 _aGFM
942 _2lcc
_cB
999 _c4160
_d4160